000 00866nam a2200253Ia 4500
003 OSt
005 20220916110904.0
006 a|||||r|||| 00| 0
007 ta
008 220915b |||||||| |||| 00| 0 hin d
024 _a221288
037 _cTextbook
040 _bhin
_aARTS
_cARTS
041 _ahin
082 _aO152,3N32,AS, L3
100 _aयादवेन्द्र शर्मा, चन्द्र
245 0 _aआखिरी सांस तक
246 _aBūanda būanda rakta
260 _aअहमदाबाद
_bपीपुल्स पब्लिशिंग हा0
_c1973
300 _a127पृ0
_ccm.
650 _aहिन्दी साहित्य
942 _hO152,3N32,AS, L3
_cTB
_2CC
999 _c100528
_d100528